header

The sentences of Sextus (Record no. 59218)

MARC details
000 -LEADER
fixed length control field 01728nam a2200409 a 4500
082 04 - DEWEY DECIMAL CLASSIFICATION NUMBER
Classification number 248.4
245 14 - TITLE STATEMENT
Title The sentences of Sextus
260 ## - PUBLICATION, DISTRIBUTION, ETC. (IMPRINT)
Place of publication Atlanta :
Name of publisher Society of Biblical Literature,
Year of publication c2012.
300 ## - PHYSICAL DESCRIPTION
Number of Pages xiv, 478 p.
490 1# - SERIES STATEMENT
Series statement Wisdom literature from the ancient world ;
505 0# - FORMATTED CONTENTS NOTE
Formatted contents note Approaching the text -- Versions -- Situating the text -- Sources -- Morphology -- Orientation and outlook -- Text, translation, and commentary.
650 #0 - SUBJECT ADDED ENTRY--TOPICAL TERM
Topical Term Christian life
700 0# - ADDED ENTRY--PERSONAL NAME
Personal name Sextus,
Personal name Wilson, Walter T.
856 40 - ELECTRONIC LOCATION AND ACCESS
Uniform Resource Identifier http://site.ebrary.com/lib/rucke/Doc?id=10676849

No items available.

© 2026 Rongo University
Contact us: librarian | system librarian | Rongo university